Bicara tentang adat dan tradisi

Bibliographic Details
Main Author: Muhammad Ariff Ahmad
Format: Book
Published: Singapura : Pustaka Nasional , 1993
Subjects:

MARC

LEADER 00000cam a2200000 7i4500
001 0000004636
002 000004999
005 20000330.0
020 |a 9971773198 
090 0 0 |a 390   |b MUH 
100 0 |a Muhammad Ariff Ahmad 
245 1 0 |a Bicara tentang adat dan tradisi   |c Muhammad Ariff Ahmad 
260 |a Singapura :   |b Pustaka Nasional ,   |c 1993 
300 |a 201p. ;   |c 22cm. 
650 0 0 |a Malay customs 
999 |a 034750   |b BUKU   |c MALAYSIANA   |e PERPUSTAKAAN KOMUNITI PETALING JAYA 
999 |a 034751   |b BUKU   |c PINJAMAN   |e PERPUSTAKAAN KOMUNITI PETALING JAYA